<?xml version="1.0" encoding="UTF-8"?>
<record
    xmlns:xsi="http://www.w3.org/2001/XMLSchema-instance"
    xsi:schemaLocation="http://www.loc.gov/MARC21/slim http://www.loc.gov/standards/marcxml/schema/MARC21slim.xsd"
    xmlns="http://www.loc.gov/MARC21/slim">

  <leader>00833nam a2200157Ia 4500</leader>
  <controlfield tag="005">20240826020552.0</controlfield>
  <controlfield tag="008">240331s9999    xx            000 0 und d</controlfield>
  <datafield tag="020" ind1=" " ind2=" ">
    <subfield code="a">0140079610</subfield>
  </datafield>
  <datafield tag="082" ind1=" " ind2=" ">
    <subfield code="b">TAG</subfield>
    <subfield code="a">800</subfield>
  </datafield>
  <datafield tag="100" ind1=" " ind2=" ">
    <subfield code="a">Tagore, R</subfield>
  </datafield>
  <datafield tag="245" ind1=" " ind2="4">
    <subfield code="a">The home and the world</subfield>
  </datafield>
  <datafield tag="260" ind1=" " ind2=" ">
    <subfield code="a">India</subfield>
    <subfield code="b">Penguin books</subfield>
    <subfield code="c">1985</subfield>
  </datafield>
  <datafield tag="300" ind1=" " ind2=" ">
    <subfield code="a">203 p .,</subfield>
  </datafield>
  <datafield tag="500" ind1=" " ind2=" ">
    <subfield code="a">Rabindranath Tagore's powerful novel, Set on a Bengali noble's estate in 1908, is both a love story and a novel of political awakening. The Central Character, Bimala, is torn between the duties owed to her husband, Nikhil, and the demands made on her by the radical leader Sandip. Her attempts to resolve the irreconcilable pressures of the home and the world reflect the conflict in India itself and the tragic outcome foreshadows the unrest which accompanied partition in 1947</subfield>
  </datafield>
  <datafield tag="942" ind1=" " ind2=" ">
    <subfield code="c">L</subfield>
  </datafield>
  <datafield tag="952" ind1=" " ind2=" ">
    <subfield code="0">0</subfield>
    <subfield code="1">0</subfield>
    <subfield code="4">0</subfield>
    <subfield code="7">0</subfield>
    <subfield code="8">L</subfield>
    <subfield code="a">WERCL</subfield>
    <subfield code="b">WERCL</subfield>
    <subfield code="c">SSC</subfield>
    <subfield code="d">2024-03-31</subfield>
    <subfield code="l">0</subfield>
    <subfield code="o"> 800 TAG</subfield>
    <subfield code="p">1351</subfield>
    <subfield code="r">2024-03-31</subfield>
    <subfield code="w">2024-03-31</subfield>
    <subfield code="y">L</subfield>
  </datafield>
  <datafield tag="999" ind1=" " ind2=" ">
    <subfield code="c">3103</subfield>
    <subfield code="d">3103</subfield>
  </datafield>
</record>
